Buah : Khasiat makanan dan ubatan

Bibliographic Details
Main Author: Ong Hean Chooi
Format: Book
Published: Kuala Lumpur : Utusan Publication & Distributors Sdn. Bhd , 2004
Subjects:

MARC

LEADER 00000cam a2200000 7i4500
001 0000003742
005 20110504.0
020 0 0 |a 9676117331 
090 0 0 |a 615.321   |b ONG 2004 
100 0 0 |a Ong Hean Chooi 
245 1 0 |a Buah :   |b Khasiat makanan dan ubatan   |c Ong Hean Chooi 
260 0 0 |a Kuala Lumpur :   |b Utusan Publication & Distributors Sdn. Bhd ,   |c 2004 
300 |a xv, 142 p. :   |b col. ill. ;   |c 22 cm. 
500 0 0 |a Bibliography and index 
650 0 0 |a Botany, medical 
650 0 0 |a Fruit---Health aspects 
650 0 0 |a Medical plants 
999 |a 007285   |b Monograph   |c Open Shelf   |e Default branch